Liverpool vs Man United quiz - Statistics

General Stats
  • This quiz has been taken 644 times
  • The average score is 8 of 22
Answer Stats
Hint Answer % Correct
Man United's stadium Old Trafford
88%
Liverpool's stadium Anfield
82%
Liverpool's number 8 Steven Gerrard
71%
Man united's position in the money table (12/13) 4
64%
Man United's longest serving manager Alex Ferguson
61%
Liverpool's record goalscorer Ian Rush
58%
Man United's record appearance maker Ryan Giggs
55%
Liverpool's position in the money table (12/13) 12
52%
Man United's record goalscorer Bobby Charlton
51%
Man united's number 8 Juan Mata
46%
Man United's stadium's capacity 75000
38%
Man United's number 25 Antonio Valencia
27%
Liverpool's stadium capacity 45000
26%
Liverpool's record appearance maker Ian Callaghan
19%
Liverpool's number 25 Pepe Reina
14%
Liverpool Founder John Houlding
10%
Liverpool's original kit colour white and blue
5%
Man united's original kit colour green and gold
4%
Railway company that founded united Lancashire and Yorkshire
3%
Liverpool's shortest serving manager Roy Hodgson
2%
Liverpool's longest serving manager Tom Watson
1%
Man United's shortest serving manager Lal Hilditch
0%
No matching quizzes found
Score Distribution
Percent of People with Each Score
Percentile by Number Answered
Your Score History
You have not taken this quiz